| 000 | 00553nam a2200169Ia 4500 | ||
|---|---|---|---|
| 999 |
_c23383 _d23383 |
||
| 003 | OSt | ||
| 005 | 20200206112253.0 | ||
| 008 | 190216s9999||||xx |||||||||||||| ||und|| | ||
| 040 | _coclc | ||
| 082 |
_a297.4 _bHUJ/S |
||
| 100 |
_aHujwiri, Sheikh Ali B Uthman Al Jullabi Al _91848 |
||
| 245 | 0 |
_aSufisam: _bThathwam, Prayogam, Charithram / _cSheikh Ali B Uthman Al Jullabi Al Hujwiri |
|
| 260 |
_bVicharam Books, _c2012. _aThrissur: |
||
| 300 | _a419p | ||
| 650 | _aIslamic History | ||
| 942 |
_cBK _2ddc _h297.4 _iHUJ/S _k297.4 _mHUJ/S |
||